000 00488nam a22001577a 4500
005 20251108172823.0
008 250721s1993 xx 000 0 ara d
082 1 4 _aم/211.1/بيا
100 1 _aالبياتي، حسن قاسم حبش
245 1 0 _aرحله المصحف الشريف من الجريد الى التجليد /
264 1 _aبيروت :
_bدار القلم،
_c1993.
300 _a280ص
650 1 7 _aالقرآن الكريم
942 _2ddc
_cREF
999 _c89309
_d89309